<?xml version="1.0" encoding="UTF-8"?>
<record
    xmlns:xsi="http://www.w3.org/2001/XMLSchema-instance"
    xsi:schemaLocation="http://www.loc.gov/MARC21/slim http://www.loc.gov/standards/marcxml/schema/MARC21slim.xsd"
    xmlns="http://www.loc.gov/MARC21/slim">

  <leader>00924na  a2200253   4500</leader>
  <controlfield tag="001">22410</controlfield>
  <controlfield tag="003">MIRAKIL</controlfield>
  <controlfield tag="005">20181213155224.0</controlfield>
  <controlfield tag="008">170213b        tu            000 0      </controlfield>
  <datafield tag="040" ind1=" " ind2=" ">
    <subfield code="a">Milas</subfield>
    <subfield code="b">tur</subfield>
    <subfield code="c">TR-AnCHP</subfield>
  </datafield>
  <datafield tag="041" ind1=" " ind2=" ">
    <subfield code="a">tur</subfield>
  </datafield>
  <datafield tag="082" ind1=" " ind2=" ">
    <subfield code="a">372.104</subfield>
    <subfield code="b">&#xC7;61 2005</subfield>
  </datafield>
  <datafield tag="090" ind1=" " ind2=" ">
    <subfield code="a">372.104 &#xC7;61 2005</subfield>
  </datafield>
  <datafield tag="245" ind1=" " ind2=" ">
    <subfield code="a">&#xC7;ocuklar i&#xE7;in ilerleme</subfield>
    <subfield code="b">Toplumsal cinsiyet e&#x15F;itli&#x11F;i ve ilk&#xF6;&#x11F;retime ili&#x15F;kin rapor</subfield>
    <subfield code="c">UNICEF</subfield>
  </datafield>
  <datafield tag="246" ind1=" " ind2=" ">
    <subfield code="a">Toplumsal cinsiyet e&#x15F;itli&#x11F;i ve ilk&#xF6;&#x11F;retime ili&#x15F;kin rapor</subfield>
  </datafield>
  <datafield tag="260" ind1=" " ind2=" ">
    <subfield code="a">New York</subfield>
    <subfield code="b">UNICEF</subfield>
    <subfield code="c">2005</subfield>
  </datafield>
  <datafield tag="300" ind1=" " ind2=" ">
    <subfield code="a">30 s.</subfield>
    <subfield code="b">tbl.; grf.</subfield>
    <subfield code="c">27 sm.</subfield>
  </datafield>
  <datafield tag="490" ind1=" " ind2=" ">
    <subfield code="a">Toplumsal cinsiyet e&#x15F;itli&#x11F;i ve ilk&#xF6;&#x11F;retime ili&#x15F;kin rapor</subfield>
    <subfield code="v">2</subfield>
  </datafield>
  <datafield tag="650" ind1=" " ind2=" ">
    <subfield code="a">Erkek &#xE7;ocuklar&#x131;n&#x131;n e&#x11F;itimi</subfield>
    <subfield code="x">Raporlar, 2005</subfield>
  </datafield>
  <datafield tag="650" ind1=" " ind2=" ">
    <subfield code="a">K&#x131;z &#xE7;ocuklar&#x131;n&#x131;n e&#x11F;itimi</subfield>
    <subfield code="x">Raporlar, 2005</subfield>
  </datafield>
  <datafield tag="650" ind1=" " ind2=" ">
    <subfield code="a">&#x130;lk&#xF6;&#x11F;retim</subfield>
    <subfield code="x">Cinsiyet e&#x15F;itli&#x11F;i</subfield>
    <subfield code="y">Raporlar, 2005</subfield>
  </datafield>
  <datafield tag="710" ind1=" " ind2=" ">
    <subfield code="a">United Nations Children's Fund (UNICEF)</subfield>
  </datafield>
  <datafield tag="942" ind1=" " ind2=" ">
    <subfield code="2">dcc</subfield>
    <subfield code="c">BKS</subfield>
  </datafield>
  <datafield tag="952" ind1=" " ind2=" ">
    <subfield code="a">0001</subfield>
    <subfield code="b">0001</subfield>
    <subfield code="d">2017-02-13</subfield>
    <subfield code="e">2</subfield>
    <subfield code="l">0</subfield>
    <subfield code="o">372.104 &#xC7;61 2005</subfield>
    <subfield code="p">012427</subfield>
    <subfield code="r">2017-02-13 00:00:00</subfield>
    <subfield code="v">0.00</subfield>
    <subfield code="w">2017-02-13</subfield>
    <subfield code="y">BKS</subfield>
  </datafield>
  <datafield tag="999" ind1=" " ind2=" ">
    <subfield code="c">8787</subfield>
    <subfield code="d">8787</subfield>
  </datafield>
</record>
